[Event "European Rapid 2016"]
[Site "Tallinn EST"]
[Date "2016.12.15"]
[Round "6.31"]
[White "Ahvenjarvi, Jani"]
[Black "Tregubov, Pavel V."]
[Result "1/2-1/2"]
[WhiteTitle "FM"]
[BlackTitle "GM"]
[WhiteElo "2317"]
[BlackElo "2585"]
[WhiteFideId "507571"]
[BlackFideId "4115341"]
[EventDate "2016.12.15"]

1. e4 c5 2. Nf3 e6 3. Nc3 Nc6 4. d4 cxd4 5. Nxd4 Nf6 6. Ndb5 Bb4 7. a3 Bxc3+ 8.
Nxc3 d5 9. Bd3 O-O 10. O-O d4 11. Ne2 e5 12. Ng3 Be6 13. h3 Nd7 14. f4 exf4 15.
Bxf4 Nde5 16. Qh5 f6 17. Nf5 Bxf5 18. Qxf5 Qb6 19. b4 Rae8 20. Bg3 Nxd3 21. Qd5+
Kh8 22. cxd3 Rd8 23. Qc4 Ne5 24. Bxe5 fxe5 25. Rac1 h6 26. Rf7 Qg6 27. Rcf1 Rxf7
28. Rxf7 Qg3 29. Qc7 Rg8 30. Rf3 Qg5 31. Qxb7 Qc1+ 32. Kh2 Qxa3 33. Qb5 a6 34.
Qc4 1/2-1/2

[Event "European Rapid 2016"]
[Site "Tallinn EST"]
[Date "2016.12.15"]
[Round "6.32"]
[White "Jussupow, Artur"]
[Black "Krutti, Valer"]
[Result "1/2-1/2"]
[WhiteTitle "GM"]
[BlackTitle "IM"]
[WhiteElo "2585"]
[BlackElo "2361"]
[WhiteFideId "4618777"]
[BlackFideId "706248"]
[EventDate "2016.12.15"]

1. d4 Nf6 2. Nf3 d5 3. e3 c5 4. Nbd2 cxd4 5. exd4 Nc6 6. Bd3 Bg4 7. c3 e6 8. Nf1
Bh5 9. Ng3 Bg6 10. O-O Be7 11. Re1 O-O 12. Bf4 Bd6 13. Ne5 Qc7 14. Re3 Nd7 15.
Nxg6 hxg6 16. Bxd6 Qxd6 17. Qe2 e5 18. dxe5 Ndxe5 19. Re1 Nd7 20. Bc2 Nf6 21.
Qd1 Rfe8 22. Rxe8+ Rxe8 23. Rxe8+ Nxe8 24. Ne2 Qe5 25. h3 Nf6 26. Qd3 g5 27. Kf1
g6 28. Qg3 Qxg3 29. Nxg3 Kf8 30. Ke1 Ke7 31. Ne2 Kd6 32. Kd2 Ne5 33. b3 Nc6 34.
Ke3 Ke5 35. Bd3 Nh5 36. g3 Ng7 37. b4 Ne6 38. f4+ gxf4+ 39. gxf4+ Kf6 40. b5 Ne7
41. Ng3 d4+ 42. Kf3 Nc5 43. Ne4+ Nxe4 44. Bxe4 dxc3 45. Ke3 b6 46. Kd3 Nf5 47.
Kxc3 Nd6 48. Bd3 Ke6 49. Kd4 Nf5+ 50. Kc4 Ne3+ 51. Kd4 Nf5+ 52. Kc3 Ne7 53. Kd4
Nf5+ 54. Kc3 Nd6 55. Kd4 Nf5+ 1/2-1/2

[Event "European Rapid 2016"]
[Site "Tallinn EST"]
[Date "2016.12.15"]
[Round "6.33"]
[White "Kosteniuk, Alexandra"]
[Black "Kukk, Sander"]
[Result "0-1"]
[WhiteTitle "GM"]
[WhiteElo "2555"]
[BlackElo "2178"]
[WhiteFideId "4128125"]
[BlackFideId "4502094"]
[EventDate "2016.12.15"]

1. e4 g6 2. d4 Bg7 3. Nc3 d6 4. Be3 Nf6 5. Qd2 O-O 6. Bh6 e5 7. Nf3 exd4 8. Nxd4
Re8 9. Bd3 d5 10. Bxg7 Kxg7 11. O-O-O c5 12. Nf3 d4 13. Na4 Qc7 14. Qg5 c4 15.
e5 Ng4 16. Bxc4 Qxc4 17. Rxd4 Qxa2 18. Re1 Nc6 19. Rxg4 Bxg4 20. Qxg4 Rad8 21.
Nc3 Qa1+ 22. Nb1 Qa5 23. Qf4 Nb4 24. Na3 Nd5 25. Qh4 b5 26. Kb1 h6 27. e6 Nf6
28. c3 Rxe6 29. Rxe6 fxe6 30. Nd4 Qb6 31. Qh3 Re8 32. f4 a6 33. Qe3 Qd6 34. g3
e5 35. fxe5 Qxe5 36. Qxe5 Rxe5 37. Nac2 Ng4 38. h3 Nf2 39. Nb4 Nxh3 40. Nxa6 h5
41. Nc5 g5 42. Nd3 Re8 43. Nxb5 Re3 44. Kc2 Rxg3 45. c4 Nf4 46. Nxf4 gxf4 47. c5
Rg6 48. Nd4 Kf7 49. Kd3 h4 50. Nf3 h3 51. b4 Rg2 52. b5 h2 53. Nxh2 Rxh2 54. b6
Ke7 55. Kd4 0-1

[Event "European Rapid 2016"]
[Site "Tallinn EST"]
[Date "2016.12.15"]
[Round "6.34"]
[White "Kononenko, Dmitry2"]
[Black "Meskovs, Nikita"]
[Result "0-1"]
[WhiteTitle "FM"]
[BlackTitle "IM"]
[WhiteElo "2280"]
[BlackElo "2489"]
[WhiteFideId "14113538"]
[BlackFideId "11602740"]
[EventDate "2016.12.15"]

1. e4 c5 2. Nf3 e6 3. d4 cxd4 4. Nxd4 Nc6 5. c4 Nf6 6. Nc3 Bb4 7. Qd3 O-O 8. Bd2
Ne5 9. Qc2 d5 10. cxd5 exd5 11. exd5 Nxd5 12. Be2 Nxc3 13. bxc3 Bd6 14. O-O Qh4
15. g3 Qf6 16. Qe4 Bh3 17. Rfe1 b6 18. f4 Ng4 19. Bf3 Rad8 20. Bg2 Bxg2 21. Kxg2
Bc5 22. Nf3 Qh6 23. Re2 Qd6 24. Rae1 Nf6 25. Qc4 Qc6 26. Be3 Rd5 27. Bd4 h6 28.
Bxf6 gxf6 29. Qe4 f5 30. Qc2 Rfd8 31. Kh3 Bf8 32. Ne5 Qc8 33. Qb3 Bg7 34. Nf3
Qxc3 35. Re8+ Kh7 36. Qxc3 Bxc3 37. Rxd8 Rxd8 38. Re7 Kg7 39. Rxa7 Rd3 40. Kg2
Re3 41. Kf2 Re6 42. Rb7 Kf6 43. a4 Rc6 44. Ke2 Ba1 45. Nd2 Ke6 46. Kd3 Rd6+ 47.
Ke2 Bd4 48. Nf3 Bf6 49. Nd2 Rc6 50. Kd3 Rc3+ 51. Ke2 Bd4 52. Nf3 Re3+ 53. Kf2
Bc5 54. Kg2 Re2+ 55. Kh3 Rf2 56. Ne5 Ra2 57. Nxf7 Bg1 58. g4 Rxh2+ 59. Kg3 fxg4
60. Nd8+ Kf5 61. Rf7+ Kg6 62. f5+ Kh5 63. Ne6 Rh3+ 64. Kg2 Be3 65. Ng7+ Kh4 66.
f6 Rf3 67. Re7 Bc5 68. Re5 Rf2+ 69. Kh1 Rf1+ 70. Kh2 g3+ 71. Kg2 Rf2+ 72. Kg1
Rxf6+ 73. Kg2 Rf2+ 74. Kg1 Re2+ 0-1

[Event "European Rapid 2016"]
[Site "Tallinn EST"]
[Date "2016.12.15"]
[Round "6.35"]
[White "Timerkhanov, Alexander"]
[Black "Dzhumagaliev, Yan"]
[Result "0-1"]
[WhiteTitle "FM"]
[BlackTitle "FM"]
[WhiteElo "2360"]
[BlackElo "2400"]
[WhiteFideId "24177938"]
[BlackFideId "24100110"]
[EventDate "2016.12.15"]

1. d4 Nf6 2. Bg5 Ne4 3. Bf4 e6 4. e3 c5 5. Bd3 Nf6 6. c3 Qb6 7. Qb3 d5 8. dxc5
Bxc5 9. Nd2 Nc6 10. Ngf3 Nh5 11. Bg5 h6 12. Bh4 Bxe3 13. fxe3 Qxe3+ 14. Be2 Nf4
15. Qd1 Nxg2+ 16. Kf1 Nxh4 17. Nxh4 e5 18. Ke1 Qh3 19. Nhf3 e4 20. Rg1 exf3 21.
Nxf3 O-O 22. Qxd5 Rd8 23. Qe4 Bf5 24. Qf4 Re8 25. Rg3 Qh5 26. Kf2 Re4 27. Qd6
Ne5 28. h3 Rxe2+ 29. Kxe2 Nxf3 30. Rxf3 Be4 31. Qf4 Qb5+ 32. Ke3 Bxf3 33. Kxf3
Re8 34. Qd2 Qc6+ 35. Kg3 Qc7+ 36. Kg2 Rd8 37. Qf2 Qc6+ 38. Kh2 Qd6+ 39. Kg1 Qe6
40. Qg2 Qe3+ 41. Kh1 Rd2 42. Qg4 Qf2 0-1

[Event "European Rapid 2016"]
[Site "Tallinn EST"]
[Date "2016.12.15"]
[Round "6.36"]
[White "Miezis, Normunds"]
[Black "Reshetnikov, Evgeny"]
[Result "0-1"]
[WhiteTitle "GM"]
[BlackTitle "FM"]
[WhiteElo "2509"]
[BlackElo "2296"]
[WhiteFideId "11600136"]
[BlackFideId "4138210"]
[EventDate "2016.12.15"]

1. c4 Nf6 2. Nc3 e6 3. e4 c5 4. f4 Nc6 5. Nf3 a6 6. g3 d5 7. e5 d4 8. exf6 dxc3
9. bxc3 Qxf6 10. Bg2 Bd6 11. Ng5 O-O 12. O-O Rd8 13. Ne4 Qe7 14. Ba3 b5 15. d4
b4 16. cxb4 cxb4 17. Bb2 Bb7 18. f5 Be5 19. f6 Bxf6 20. Nxf6+ gxf6 21. Qg4+ Kf8
22. d5 Ne5 23. Bxe5 fxe5 24. dxe6 Qc5+ 25. Kh1 Bxg2+ 26. Kxg2 Rd2+ 27. Kh3 Ra7
28. Qg5 Rd6 29. exf7 Qc8+ 30. Kg2 Qc6+ 31. Kg1 Qc5+ 32. Kg2 Qc6+ 33. Rf3 Rxf7
34. Rf1 Rdf6 35. Kh3 Rxf3 36. Rd1 Qc8+ 37. Kg2 R3f6 38. Qxe5 Qc6+ 39. Kg1 Kg7
40. c5 Qe6 41. Qd4 Re7 42. Kg2 Qe4+ 43. Kh3 Qxd4 44. Rxd4 Rc7 45. Rxb4 Rxc5 46.
a4 Rc2 47. g4 Rf3+ 48. Kh4 Rxh2+ 49. Kg5 0-1

[Event "European Rapid 2016"]
[Site "Tallinn EST"]
[Date "2016.12.15"]
[Round "6.37"]
[White "Sotsky, Alexander"]
[Black "Marin, Mihail"]
[Result "0-1"]
[WhiteTitle "IM"]
[BlackTitle "GM"]
[WhiteElo "2336"]
[BlackElo "2539"]
[WhiteFideId "4130715"]
[BlackFideId "1200020"]
[EventDate "2016.12.15"]

1. d4 Nf6 2. c3 g6 3. Bg5 Bg7 4. e3 O-O 5. Bd3 d6 6. f4 c5 7. Nf3 Nc6 8. O-O Qb6
9. Qd2 cxd4 10. cxd4 Nb4 11. Nc3 Nxd3 12. Qxd3 Be6 13. b3 Rac8 14. Rac1 Qa5 15.
Qb5 Qa6 16. Qxa6 bxa6 17. Bxf6 exf6 18. Ne4 Rfd8 19. Rxc8 Bxc8 20. Rc1 Bb7 21.
Ned2 Rd7 22. Kf2 f5 23. g3 Bf6 24. Ne1 Bd8 25. Nd3 Kg7 26. b4 h6 27. h4 Kf6 28.
a3 Bd5 29. Rc8 Ke7 30. Ke2 Rc7 31. Rxc7+ Bxc7 32. Nb2 Ke6 33. Kd3 f6 34. Nd1 g5
35. Nc3 Bg2 36. a4 Kf7 37. Ke2 Kg6 38. hxg5 fxg5 39. Nc4 g4 40. b5 a5 41. b6
axb6 42. Nb5 Bd8 43. Ncxd6 h5 44. Nc4 h4 45. gxh4 Bf3+ 46. Kf1 Be4 47. Ne5+ Kh5
48. Nd6 Bc2 49. Kg2 Bxh4 50. d5 Be7 51. Nec4 Bf8 52. Kg3 Kg6 53. Nc8 Kf6 54.
N8xb6 Bb4 55. Kf2 Ke7 56. Ne5 Kd6 57. Nec4+ Kc7 58. d6+ Bxd6 59. Nxd6 Kxb6 60.
Kg3 Kc5 61. Nf7 Kd5 62. Nh6 Ke6 63. Kh4 Kf6 64. Ng8+ Kf7 65. Nh6+ Kg7 66. Nxf5+
Bxf5 67. e4 Bd7 68. f5 Bxa4 69. Kxg4 Bb3 70. Kf4 a4 0-1

[Event "European Rapid 2016"]
[Site "Tallinn EST"]
[Date "2016.12.15"]
[Round "6.38"]
[White "Martinovic, Sasa"]
[Black "Narva, Jaan"]
[Result "1-0"]
[WhiteTitle "GM"]
[BlackTitle "FM"]
[WhiteElo "2550"]
[BlackElo "2129"]
[WhiteFideId "14509792"]
[BlackFideId "4500148"]
[EventDate "2016.12.15"]

1. d4 Nf6 2. Nc3 e6 3. e4 c5 4. d5 e5 5. f4 d6 6. fxe5 dxe5 7. Nf3 Bd6 8. Bd3 a6
9. a4 Bg4 10. O-O Nbd7 11. Qe1 Qc7 12. Nd2 Bh5 13. Nc4 Bg6 14. a5 O-O 15. Kh1
Be7 16. Bg5 Bd6 17. Qh4 h6 18. Bxf6 Nxf6 19. Rxf6 gxf6 20. Qxh6 Rfd8 21. Rf1 Qe7
22. Rf3 Qf8 23. Qh4 Qg7 24. Nd1 Be7 25. Nde3 Qh8 26. Qg3 Bf8 27. Nf5 Bh6 28. Qg4
Kf8 29. Rh3 Bxf5 30. Qxf5 Qg7 31. Rg3 Bg5 32. Nxe5 Ke7 33. Nf3 Rg8 34. e5 Qh6
35. d6+ Kf8 36. Rh3 Qg7 37. Rh7 Qg6 38. Qd7 f5 39. Bxf5 Rd8 40. Qxd8+ Bxd8 41.
Bxg6 Rxg6 42. Rh8+ Rg8 43. Rxg8+ Kxg8 44. g4 Bxa5 45. Kg2 Kf8 46. Kf2 c4 47. Ke3
c3 48. b3 b5 49. Kd4 b4 50. Kc5 Ke8 51. Nd4 Kd7 52. g5 Bd8 53. g6 fxg6 54. e6+
Ke8 55. Kxb4 Bf6 56. Kxc3 g5 57. Kc4 g4 58. Nc6 1-0

[Event "European Rapid 2016"]
[Site "Tallinn EST"]
[Date "2016.12.15"]
[Round "6.39"]
[White "Dudas, Jan"]
[Black "Kveinys, Aloyzas"]
[Result "1-0"]
[WhiteTitle "FM"]
[BlackTitle "GM"]
[WhiteElo "2207"]
[BlackElo "2518"]
[WhiteFideId "14900580"]
[BlackFideId "12800040"]
[EventDate "2016.12.15"]

1. e4 c5 2. Nf3 e6 3. d4 cxd4 4. Nxd4 a6 5. Bd3 Bc5 6. Nb3 Ba7 7. Qe2 d6 8. Be3
Nc6 9. O-O Nf6 10. Bxa7 Rxa7 11. c4 a5 12. a4 Qb6 13. Ra3 Ra8 14. Nc3 O-O 15.
Nb5 Ne5 16. Bb1 Bd7 17. N3d4 Rfc8 18. Rc3 Ng6 19. Kh1 Rd8 20. Rg3 Bxb5 21. Nxb5
e5 22. Qd2 Rac8 23. b3 Nf4 24. Rd1 Ne8 25. Rf3 Nc7 26. g3 Nxb5 27. gxf4 Nd4 28.
Rh3 Re8 29. Qe3 Qd8 30. Rg1 Qf6 31. f5 Rc6 32. Rhg3 g6 33. Bd3 Rb6 34. c5 Rxb3
35. cxd6 Rd8 36. fxg6 hxg6 37. Rxg6+ fxg6 38. Bc4+ Kg7 39. Bxb3 Rxd6 40. Bd5 Rd8
41. Rb1 b6 42. Rc1 Rd7 43. Rc8 Qh4 44. Rg8+ Kh7 45. Re8 Rc7 46. Rxe5 Qg4 47. Qg3
Qf3+ 48. Qxf3 Nxf3 49. Re8 Nh4 50. h3 Rc2 51. Rf8 g5 52. e5 Ng6 53. Rf7+ Kh6 54.
e6 Re2 55. Rf6 Kg7 56. Rf5 Nf4 57. Rxg5+ Kf6 58. h4 Nh3 59. Rg8 Nxf2+ 60. Kg2
Nd3+ 61. Kg3 Re5 62. Bc4 Nc5 63. Rf8+ Ke7 64. Rf7+ Kd6 65. Kg4 Re4+ 66. Rf4 Re1
67. h5 Nxa4 68. h6 Rh1 69. Kg5 Nc5 70. Rh4 Rg1+ 71. Rg4 Rh1 72. Rh4 Rg1+ 73. Kf6
b5 74. h7 bxc4 75. h8=Q Rf1+ 76. Kg5 Nxe6+ 77. Kg4 Re1 78. Qb8+ Kc6 79. Qa8+ Kd6
80. Qa6+ Ke7 81. Rh7+ Kf6 82. Qxc4 Re5 83. Qc3 Nc5 84. Rh6+ 1-0

[Event "European Rapid 2016"]
[Site "Tallinn EST"]
[Date "2016.12.15"]
[Round "6.40"]
[White "Nestor, Kaarel"]
[Black "Jankovic, Alojzije"]
[Result "0-1"]
[BlackTitle "GM"]
[WhiteElo "2114"]
[BlackElo "2591"]
[WhiteFideId "4502345"]
[BlackFideId "14505959"]
[EventDate "2016.12.15"]

1. d4 Nf6 2. c4 d6 3. Nc3 e5 4. dxe5 dxe5 5. Qxd8+ Kxd8 6. a3 Be6 7. e3 Nbd7 8.
b4 a5 9. b5 Nc5 10. Bb2 Nfd7 11. Rd1 c6 12. Nf3 f6 13. Be2 Kc7 14. O-O Nb6 15.
Nd2 Nba4 16. Rb1 Bf5 17. Nxa4 Nxa4 18. e4 Be6 19. Ba1 Bxa3 20. Nb3 Nc5 21. Bc3
b6 22. Nd2 Rhd8 23. f4 Na4 0-1

[Event "European Rapid 2016"]
[Site "Tallinn EST"]
[Date "2016.12.16"]
[Round "7.2"]
[White "Rakhmanov, Aleksandr"]
[Black "Wojtaszek, Radoslaw"]
[Result "1/2-1/2"]
[WhiteTitle "GM"]
[BlackTitle "GM"]
[WhiteElo "2667"]
[BlackElo "2749"]
[WhiteFideId "4173708"]
[BlackFideId "1118358"]
[EventDate "2016.12.15"]

1. d4 Nf6 2. c4 e6 3. Nc3 Bb4 4. e3 O-O 5. Bd3 c5 6. Ne2 cxd4 7. exd4 d5 8. a3
Bxc3+ 9. bxc3 dxc4 10. Bxc4 b6 11. O-O Bb7 12. Ba2 Nc6 13. Bg5 Rc8 14. Re1 Na5
15. Qd3 h6 16. Bh4 Be4 17. Qe3 Bf5 18. Ng3 Bg6 19. f3 Nd5 20. Bxd8 Nxe3 21. Bxb6
axb6 22. Rxe3 Nc4 23. Bxc4 Rxc4 24. h4 Ra8 25. h5 Bc2 26. Ra2 Bb3 27. Rb2 Rxa3
28. Ne4 Rc6 29. Kf2 Bc4 30. Nd2 Ba6 31. c4 Ra5 32. Re5 Bxc4 33. Rxb6 Rxb6 34.
Rxa5 Bd5 35. Rc5 Kf8 36. Rc7 Rb2 37. Ke3 Ra2 38. Rc3 f5 39. g3 Kf7 40. Nc4 Bxc4
41. Rxc4 Kf6 42. Rc6 Ra3+ 43. Ke2 Ra5 44. Ke3 Rb5 45. Ra6 Rb3+ 46. Ke2 Rb2+ 47.
Ke3 Rb3+ 48. Ke2 Rb2+ 1/2-1/2

[Event "European Rapid 2016"]
[Site "Tallinn EST"]
[Date "2016.12.16"]
[Round "7.3"]
[White "Ponkratov, Pavel"]
[Black "Mamedov, Rauf"]
[Result "0-1"]
[WhiteTitle "GM"]
[BlackTitle "GM"]
[WhiteElo "2607"]
[BlackElo "2688"]
[WhiteFideId "4157800"]
[BlackFideId "13401653"]
[EventDate "2016.12.15"]

1. Nf3 g6 2. g3 Bg7 3. Bg2 d5 4. c4 c6 5. O-O Nf6 6. b3 Ne4 7. d4 O-O 8. Bb2 Bf5
9. Nbd2 Qa5 10. a3 Nd7 11. b4 Qd8 12. Qb3 Ndf6 13. Rfd1 a5 14. b5 dxc4 15. Nxc4
a4 16. Qb4 Nd5 17. Qe1 cxb5 18. Nce5 Rc8 19. Nh4 Rc2 20. Bxe4 Bxe4 21. Rd2 Qa5
22. Rxc2 Qxe1+ 23. Rxe1 Bxc2 24. e4 Nb6 25. Bc3 Rc8 26. Bb4 e6 27. Nhf3 f6 28.
Bc5 fxe5 29. Bxb6 Rc6 30. Ba7 Rc3 31. Nxe5 Rxa3 32. Bc5 Rb3 33. Re2 Bd3 34. Re3
a3 0-1

[Event "European Rapid 2016"]
[Site "Tallinn EST"]
[Date "2016.12.16"]
[Round "7.4"]
[White "Fridman, Daniel"]
[Black "Saric, Ivan"]
[Result "1/2-1/2"]
[WhiteTitle "GM"]
[BlackTitle "GM"]
[WhiteElo "2596"]
[BlackElo "2652"]
[WhiteFideId "11600454"]
[BlackFideId "14508150"]
[EventDate "2016.12.15"]

1. d4 Nf6 2. Nf3 g6 3. g3 Bg7 4. Bg2 O-O 5. O-O d6 6. b3 c5 7. c4 Nc6 8. Bb2 Ne4
9. Nbd2 Bf5 10. Nh4 Nxd2 11. Qxd2 Nxd4 12. Bxd4 Bxd4 13. Nxf5 gxf5 14. Rad1 Qd7
15. Bh3 e6 16. e3 Be5 17. f4 Bf6 18. Qxd6 Qxd6 19. Rxd6 Rfd8 20. Rfd1 Rxd6 21.
Rxd6 Rd8 22. Rxd8+ Bxd8 1/2-1/2

[Event "European Rapid 2016"]
[Site "Tallinn EST"]
[Date "2016.12.16"]
[Round "7.5"]
[White "Onischuk, Vladimir"]
[Black "Zvjaginsev, Vadim"]
[Result "1-0"]
[WhiteTitle "GM"]
[BlackTitle "GM"]
[WhiteElo "2601"]
[BlackElo "2679"]
[WhiteFideId "14114038"]
[BlackFideId "4113403"]
[EventDate "2016.12.15"]

1. e4 c5 2. Nf3 d6 3. d4 cxd4 4. Nxd4 Nf6 5. Nc3 Nc6 6. g3 e6 7. Bg2 Bd7 8. O-O
Be7 9. Nb3 a6 10. a4 Na5 11. h3 O-O 12. g4 h6 13. f4 Nxb3 14. cxb3 Nh7 15. Be3
a5 16. Qd2 Bc6 17. Rad1 e5 18. f5 Bg5 19. Bxg5 hxg5 20. Qe3 Ra6 21. Rfe1 Rb6 22.
Rxd6 Qxd6 23. Qxb6 Qd2 24. Qf2 Rd8 25. Nd5 Qxf2+ 26. Kxf2 Kf8 27. Rc1 Bxd5 28.
exd5 Nf6 29. Rc5 b6 30. Rb5 e4 31. Ke2 Rxd5 32. Rxb6 Rc5 33. Kd2 Rd5+ 34. Ke3
Rd3+ 35. Ke2 Rg3 36. Kf2 Rd3 37. Ke2 Rg3 38. Kf2 Rd3 39. Bf1 Rf3+ 40. Ke1 Nd5
41. Rb7 Nf4 42. Bc4 e3 43. Rxf7+ Ke8 44. Rxg7 Rxh3 45. Kd1 Rh1+ 46. Kc2 Rh2+ 47.
Kc3 Rh1 48. f6 e2 49. Re7+ Kf8 50. Rxe2 Nxe2+ 51. Bxe2 Kf7 52. b4 Rh3+ 53. Kd4
axb4 54. a5 Kxf6 55. a6 Rh1 56. Kc5 Ra1 57. Kb6 Ke5 58. a7 Kd5 1-0

[Event "European Rapid 2016"]
[Site "Tallinn EST"]
[Date "2016.12.16"]
[Round "7.7"]
[White "Kobalia, Mikhail"]
[Black "Kovalenko, Igor"]
[Result "1/2-1/2"]
[WhiteTitle "GM"]
[BlackTitle "GM"]
[WhiteElo "2628"]
[BlackElo "2684"]
[WhiteFideId "4119150"]
[BlackFideId "14117908"]
[EventDate "2016.12.15"]

1. e4 e5 2. Nf3 Nc6 3. Bb5 a6 4. Ba4 Nf6 5. O-O Be7 6. d3 d6 7. c3 O-O 8. Nbd2
b5 9. Bc2 Re8 10. Re1 Bf8 11. Nf1 g6 12. Ng3 Bg7 13. a4 Bb7 14. d4 exd4 15. cxd4
Nb4 16. d5 Nxc2 17. Qxc2 Qd7 18. Bf4 c6 19. dxc6 Qxc6 20. Qxc6 Bxc6 21. Nd4 Bxe4
22. axb5 axb5 23. Nxb5 Rxa1 24. Rxa1 d5 25. Nd6 Rd8 26. Be5 Bc2 27. Rc1 Bb3 28.
Ne2 Ne4 29. Bxg7 Kxg7 30. Nb5 Bc4 31. Nbd4 Bxe2 32. Nxe2 d4 33. f3 Ng5 34. Nf4
Rb8 35. Rd1 Rb4 36. Nd5 Rxb2 37. Rxd4 1/2-1/2

[Event "European Rapid 2016"]
[Site "Tallinn EST"]
[Date "2016.12.16"]
[Round "7.9"]
[White "Meskovs, Nikita"]
[Black "Vallejo Pons, Francisco"]
[Result "1-0"]
[WhiteTitle "IM"]
[BlackTitle "GM"]
[WhiteElo "2489"]
[BlackElo "2711"]
[WhiteFideId "11602740"]
[BlackFideId "2205530"]
[EventDate "2016.12.15"]

1. d4 Nf6 2. c4 e6 3. Nf3 d5 4. Nc3 c6 5. e3 Nbd7 6. Qc2 Be7 7. Bd2 O-O 8. h3 a6
9. c5 Qc7 10. g4 e5 11. O-O-O Re8 12. Be2 exd4 13. exd4 b6 14. cxb6 Nxb6 15. Bd3
g6 16. Rde1 Nc4 17. Bg5 Rb8 18. b3 Be6 19. Na4 Na3 20. Qd2 Bb4 21. Qe3 Bxg4 22.
Ne5 c5 23. Nxc5 Ne4 24. Nxg4 Bxe1 25. Bxe4 Bb4 26. Nf6+ Kg7 27. Nxd5 Qd6 28.
Bf6+ Kg8 29. Qh6 Qf8 30. Qxf8+ Kxf8 31. Nd7+ Kg8 32. Nxb8 Rxb8 33. Nxb4 Rxb4 34.
Be7 Rxd4 35. Re1 Nb5 36. Bf6 Rd6 37. Be5 Re6 38. Bd5 Re8 39. Re3 h5 40. h4 Kh7
41. a4 Na7 42. Bxf7 Rf8 43. Rf3 Rc8+ 44. Bc4 1-0

[Event "European Rapid 2016"]
[Site "Tallinn EST"]
[Date "2016.12.16"]
[Round "7.10"]
[White "Naiditsch, Arkadij"]
[Black "Dzhumagaliev, Yan"]
[Result "1/2-1/2"]
[WhiteTitle "GM"]
[BlackTitle "FM"]
[WhiteElo "2687"]
[BlackElo "2400"]
[WhiteFideId "4650891"]
[BlackFideId "24100110"]
[EventDate "2016.12.15"]

1. e4 c5 2. Nf3 e6 3. d4 cxd4 4. Nxd4 Nc6 5. Nc3 Qc7 6. Be3 a6 7. Qf3 Ne5 8. Qg3
h5 9. O-O-O h4 10. Qh3 Ng6 11. Qf3 b5 12. Qe2 Bb7 13. f3 Bb4 14. Bd2 Bd6 15. Kb1
Be5 16. Be3 Nf6 17. Qd2 Rd8 18. Bd3 Qb8 19. Nce2 Bxh2 20. Bg5 Bc7 21. Rh3 Rc8
22. f4 Nxe4 23. Bxe4 Bxe4 24. Nc3 d5 25. Nxe4 dxe4 26. Nc6 Qa8 27. Qd7+ Kf8 28.
f5 exf5 29. Ne7 Ne5 30. Qxc8+ Qxc8 31. Nxc8 f6 32. Rxh4 Rg8 33. Be3 Kf7 34. Nd6+
Bxd6 35. Rxd6 Nc4 36. Rxa6 Nxe3 37. g3 Rd8 38. Rh1 Ng2 39. Ra7+ Ke6 40. Ra6+ Ke5
41. Ra7 Ke6 42. a4 e3 43. axb5 e2 44. Ka2 Rd1 45. Rh8 Ra1+ 46. Kxa1 e1=Q+ 47.
Ka2 Qb4 48. Re8+ Kd6 49. Rd8+ Ke6 50. Re8+ 1/2-1/2

[Event "European Rapid 2016"]
[Site "Tallinn EST"]
[Date "2016.12.16"]
[Round "7.11"]
[White "Riazantsev, Alexander"]
[Black "Martinovic, Sasa"]
[Result "1-0"]
[WhiteTitle "GM"]
[BlackTitle "GM"]
[WhiteElo "2671"]
[BlackElo "2550"]
[WhiteFideId "4125029"]
[BlackFideId "14509792"]
[EventDate "2016.12.15"]

1. d4 Nf6 2. c4 g6 3. Nc3 Bg7 4. e4 d6 5. Be2 O-O 6. Be3 c5 7. dxc5 Qa5 8. f3
dxc5 9. e5 Nfd7 10. f4 Nc6 11. Nf3 Rd8 12. Qc1 Nf8 13. O-O Nd4 14. Bxd4 cxd4 15.
Nd5 Be6 16. Nxe7+ Kh8 17. Bd3 Qc5 18. Nd5 Bxd5 19. cxd5 Qxd5 20. Bc4 Qd7 21. Ng5
Ne6 22. Bxe6 fxe6 23. Qc4 Bh6 24. Ne4 Rac8 25. Qd3 Bf8 26. Rad1 Be7 27. Rd2 Kg7
28. Rfd1 Qa4 29. a3 Rc6 30. h3 Rb6 31. Rc1 Rb3 32. Qc4 Qxc4 33. Rxc4 Kf8 34. Kf2
a5 35. Kf1 b5 36. Rc6 Kf7 37. Rc7 Kf8 38. Ng5 Bxg5 39. fxg5 Re3 40. Rxh7 Kg8 41.
Rh4 d3 42. Rf4 Rxe5 43. h4 Rc5 44. Kf2 Re5 45. Kf3 a4 46. Re4 Rf5+ 47. Ke3 Kf7
48. Rxd3 Rxd3+ 49. Kxd3 Rf2 50. Re2 Rf4 51. g3 Rg4 52. Re3 Ke7 53. Rf3 Kd6 54.
Ke2 Kd5 55. Kf2 Rc4 56. Rf6 Rc2+ 57. Kf3 Rxb2 58. h5 b4 59. hxg6 bxa3 60. g7 a2
61. g8=Q a1=Q 62. Qxe6+ Kc5 63. Qe5+ Kc4 64. Rc6+ Kb3 65. Rb6+ Kc2 66. Qxb2+
Qxb2 67. Rxb2+ Kxb2 68. g6 1-0

[Event "European Rapid 2016"]
[Site "Tallinn EST"]
[Date "2016.12.16"]
[Round "7.12"]
[White "Marin, Mihail"]
[Black "Bartel, Mateusz"]
[Result "0-1"]
[WhiteTitle "GM"]
[BlackTitle "GM"]
[WhiteElo "2539"]
[BlackElo "2641"]
[WhiteFideId "1200020"]
[BlackFideId "1112635"]
[EventDate "2016.12.15"]

1. Nf3 d5 2. c4 d4 3. b4 Bg4 4. d3 e6 5. a3 Bxf3 6. exf3 a5 7. b5 Nd7 8. Nd2 Nc5
9. Ne4 Nf6 10. Bg5 Be7 11. Bxf6 gxf6 12. g3 Nd7 13. f4 f5 14. Nd2 a4 15. Bg2 Nc5
16. Nf3 Bf6 17. O-O O-O 18. Ra2 Kh8 19. Re1 Rg8 20. Ne5 Qe7 21. Qf3 Rad8 22. h3
Qf8 23. Kh2 Qg7 24. Rae2 Be7 25. Qh5 Rdf8 26. Rd2 Bd6 27. Qe2 f6 28. Nf3 Bxf4
29. Rdd1 Rd8 30. Qb2 Bd6 31. Kh1 f4 32. g4 h5 33. Nxd4 Be5 34. Rxe5 fxe5 35. Nf3
Rxd3 36. Rg1 Rb3 37. Qe2 e4 0-1

[Event "European Rapid 2016"]
[Site "Tallinn EST"]
[Date "2016.12.16"]
[Round "7.13"]
[White "Jankovic, Alojzije"]
[Black "Turov, Maxim"]
[Result "1/2-1/2"]
[WhiteTitle "GM"]
[BlackTitle "GM"]
[WhiteElo "2591"]
[BlackElo "2594"]
[WhiteFideId "14505959"]
[BlackFideId "4120086"]
[EventDate "2016.12.15"]

1. d4 Nf6 2. c4 e6 3. Nf3 Bb4+ 4. Bd2 a5 5. g3 b6 6. Bg2 Bb7 7. O-O O-O 8. Bg5
Be7 9. Qc2 Be4 10. Qd2 h6 11. Bxf6 Bxf6 12. Nc3 Bb7 13. e4 d6 14. Rad1 Nd7 15.
Rfe1 e5 16. b3 Re8 17. dxe5 Nxe5 18. Nd4 Qc8 19. f4 Nc6 20. Ndb5 Na7 21. Nd4 Nc6
22. Nf5 Ne7 23. Ne3 g6 24. Qc2 Bg7 25. h4 h5 26. Kh2 Nc6 27. Nb5 Na7 28. Rc1
Nxb5 29. cxb5 Re7 30. Nd5 Bxd5 31. exd5 Rxe1 32. Rxe1 Qd7 33. a4 Bd4 34. Qe4 Bg7
35. Bh3 f5 36. Qe6+ Qf7 37. Rc1 Re8 38. Qxf7+ Kxf7 39. Rxc7+ Re7 40. Rc6 Bd4 41.
Rxd6 Re3 42. Bf1 Rxb3 43. Rc6 Rb2+ 44. Bg2 Rd2 1/2-1/2